Chaîne de mots "très serrée" #2 - Statistiques

Statistiques générales
  • Ce quiz a été pris 97 fois
  • Le résultat moyen est 12 sur 20
Statistiques - réponses
Définition Réponse % Correct
Fait d'arriver après l'heure Retard
84%
En grandissant, on les prends et on les assume Responsabilité
76%
Capitale de l'Écosse Edimbourg
74%
Capitale de la région de la Bretagne Rennes
71%
Personne touchant 11,88€ au taux horaire Smicard
71%
La Cacahuète fait partie de cette famille de légumineuse Arachide
70%
Cette pratique consiste à reproduire quelqu'un depuis une machine Clonage
67%
Provoquer le match nul Égaliser
67%
Fromage suisse portant le même nom que la région du canton de Fribourg Gruyère
65%
Auteurs d'ouvrages liés au théâtre Dramaturges
62%
Cette chanteuse française chante Vivo per Lei (donne moi son nom) Ségara
62%
Plus grande ville de la Marne sans en être la préfecture Reims
56%
Seule capitale du monde a commencer par cette lettre Erevan
54%
Cinquième ville du Var en population Draguignan
49%
Arbuste forestier que préfère les écureuils Noisetier
48%
Classer d'après son origine Etiqueter
45%
État psychologique qui résulte d'impressions reçues Sensation
40%
Choisir en synonyme Sélectionner
33%
Molécules plus grande que des atomes mais plus petites que des cellules Nanoparticules
29%
Éclairer sur un point précis Renseigner
28%
Aucun quiz correspondant
Distribution des résultats
% des personnes avec chaque résultat
Percentile par nombre de réponses
Votre historique - résultats
Vous n’avez pas pris ce quiz